Memorandum natura / (Record no. 186210)
[ view plain ]
| 000 -LEADER | |
|---|---|
| campo de control de longitud fija | 01345nam a2200265 i 4500 |
| 001 - NÚMERO DE CONTROL | |
| campo de control | 186210 |
| 003 - IDENTIFICADOR DE NÚMERO DE CONTROL | |
| campo de control | SpMaBN |
| 005 - FECHA Y HORA DE LA ÚLTIMA TRANSACCIÓN | |
| campo de control | 20250728033957.0 |
| 008 - DATOS DE LONGITUD FIJA--INFORMACIÓN GENERAL | |
| campo de control de longitud fija | 160919s2015 sp o |||| | spa d |
| 020 ## - NÚMERO INTERNACIONAL ESTÁNDAR DEL LIBRO | |
| Número Internacional Estándar del Libro | 978-84-606-7472-6 |
| 080 ## - NÚMERO DE LA CLASIFICACIÓN DECIMAL UNIVERSAL | |
| Número de la Clasificación Decimal Universal | 77 García de la Vega, María Antonia |
| 100 1# - ENTRADA PRINCIPAL--NOMBRE DE PERSONA | |
| Nombre de persona | García de la Vega, María Antonia. |
| 9 (RLIN) | 160916 |
| 245 10 - MENCIÓN DEL TÍTULO | |
| Título | Memorandum natura / |
| Mención de responsabilidad, etc. | María Antonia García de la Vega ; texto de Virginia de la Cruz Lichet ; [traducción, Javier de Sebastián García de la Vega]. |
| 260 ## - PUBLICACIÓN, DISTRIBUCIÓN, ETC. | |
| Lugar de publicación, distribución, etc. | Madrid : |
| Nombre del editor, distribuidor, etc. | [M.A. García de la Vega], |
| Fecha de publicación, distribución, etc. | 2015. |
| 300 ## - DESCRIPCIÓN FÍSICA | |
| Extensión | 93 p. : |
| Otras características físicas | principalmente fot. ; |
| Dimensiones | 25 x 25 cm. |
| 505 8# - NOTA DE CONTENIDO CON FORMATO | |
| Nota de contenido con formato | Contiene: ; |
| Título | Paseos naturales... / |
| Mención de responsabilidad | Virginia de la Cruz Lichet. -- |
| Título | Collazo Azpegui ; |
| -- | El Tiemblo ; |
| -- | Fragas del Eume ; |
| -- | La Gomera ; |
| -- | Río Urrederra ; |
| -- | Santo Estevo ; |
| -- | Selva Irati ; |
| -- | Sintra ; |
| -- | Urbasa ; |
| -- | Valsaín |
| 546 ## - NOTA DE IDIOMA | |
| Nota de lengua/lenguaje | Texto en español y traducción en inglés. |
| 600 17 - PUNTO DE ACCESO ADICIONAL DE MATERIA--NOMBRE DE PERSONA | |
| Nombre de persona | García de la Vega, María Antonia. |
| 9 (RLIN) | 160916 |
| 650 #7 - PUNTO DE ACCESO ADICIONAL DE MATERIA--TÉRMINO DE MATERIA | |
| Término de materia o nombre geográfico como elemento de entrada | Fotografía de paisaje |
| Fuente del encabezamiento o término | embne |
| 9 (RLIN) | 141948 |
| 700 1# - ENTRADA AGREGADA--NOMBRE PERSONAL | |
| Nombre de persona | Cruz, Virginia de la, |
| Fechas asociadas al nombre | 1978- |
| 9 (RLIN) | 160917 |
| 852 ## - LOCALIZACIÓN | |
| Ubicación | ES-MaACL |
| Sublocalización o colección | R.150995 |
| itemnumber | 193265 |
| Signatura antigua | Olim: N-6789 |
| Número de control de estantería | A-13789 |
| Encuadernación | Encuadernación cartoné |
| Anotaciones manuscritas | Dedicatoria autógrafa de la autora |
| Ubicación en estantería | Depósito 1 |
| 903 ## - NOMBRE PERSONAL DE DONANTE | |
| 9 | 160916 |
| a | García de la Vega, María Antonia |
| e | Donante |
| 942 ## - ELEMENTOS DE ENTRADA SECUNDARIOS (KOHA) | |
| Fuente del sistema de clasificación o colocación | Clasificación decimal universal |
| Estatus retirado | Estado de pérdida | Fuente del sistema de clasificación o colocación | Estado de daño | No para préstamo | Colección | Biblioteca de origen | Biblioteca actual | Ubicación en estantería | Fecha de adquisición | Fuente de adquisición | Total de préstamos | Signatura topográfica completa | Código de barras | Visto por última vez | Precio de reemplazo | Tipo de ítem Koha | Nota pública |
|---|---|---|---|---|---|---|---|---|---|---|---|---|---|---|---|---|---|
| Clasificación decimal universal | Libros con dedicatorias | Biblioteca del Ateneo de Madrid | Biblioteca del Ateneo de Madrid | Depósito 1 | 19/09/2016 | Donación | A-13789 | 1196324 | 23/02/2023 | 23/02/2023 | Libro impreso | Dedicatoria autógrafa de la autora |
